|
|
|
|
| LEADER |
00000ny a22000003n 4500 |
| 005 |
2011022502542.0 |
| 008 |
970312s1997 sp s 000 spa c |
| 017 |
|
|
|a D.L. M40346-1996
|
| 020 |
|
|
|a 8471308746
|
| 035 |
|
|
|a 1601
|
| 040 |
|
|
|a UMA.RE
|d vlex
|
| 040 |
|
|
|a UMA.RLB
|d vlex
|
| 080 |
|
|
|a 342.4(460)
|
| 090 |
|
|
|c 1223
|d 1223
|
| 245 |
0 |
0 |
|a Comentarios a la Constitucin̤ Espaǫla de 1978
|h [Recurso electrn̤ico]
|c dirigidos por Oscar Alzaga Villaamil / Santiago Sǹchez Gonzl̀ez ...[et al.]
|p Tomo II - Articulos 10 a 23 de la Constitucion Espaǫla de 1978
|
| 256 |
|
|
|a Servicio en ln̕ea
|
| 260 |
|
|
|a [Madrid] :
|b Cortes Generales :
|b EDERSA,
|c D.L.1996 (cop.1997)
|
| 300 |
|
|
|a 679 p. ;
|
| 506 |
1 |
|
|a Contenido solo disponible en los productos indicados
|d vLex Global
|d vLex Global (Academic Edition, excluding Law Schools)
|d vLex Global (U.S. Academic Edition, Law Schools)
|d vLex Global (U.S. Academic Edition, excluding Law Schools)
|d vLex Global (Academic Edition, Law Schools)
|
| 650 |
0 |
7 |
|2 Tesauro vLex
|a Constitucional
|
| 650 |
0 |
7 |
|2 Tesauro vLex
|a Derechos fundamentales
|
| 700 |
1 |
|
|a Alzaga Villaamil, Oscar,
|e dir
|
| 700 |
1 |
|
|a Sǹchez Gonzl̀ez, Santiago
|
| 710 |
1 |
|
|a Espaą.
|b Cortes Generales,
|e ed
|
| 740 |
0 |
|
|a vLex Libros (Servicios en ln̕ea)
|
| 856 |
4 |
0 |
|z Acceso restringido
|u http://vlex.com/source/constitucion-espa-ola-comentarios-tomo-ii-1601
|
| 942 |
|
|
|c BOOK
|